Joker Out - Vse Kar Vem lyrics - Statistics

General Stats
  • This quiz has been taken 148 times
  • The average score is 90 of 149
Answer Stats
Answer % Correct
s
94%
v
94%
vem
90%
kar
88%
ne
88%
vse
85%
me
77%
in
73%
da
71%
je
71%
boli
69%
tvoj
67%
ko
63%
znam
63%
za
60%
a
58%
kaj
58%
se
54%
zakriva
52%
konča
50%
konca
50%
objem
48%
svet
48%
čas
46%
do
44%
hočeš
44%
sem
44%
sopotnika
44%
bi
42%
Slišal
42%
slišal
42%
več
42%
prav
40%
rabiš
40%
bremeni
38%
izpodriva
38%
lepo
38%
enkrat
35%
sveta
35%
bila
31%
peklu
31%
it
29%
prizanaša
29%
rada
29%
si
29%
šla
29%
nam
25%
nazaj
25%
ker
23%
tabo
23%
že
10%
No matching quizzes found
Score Distribution
Percent of People with Each Score
Percentile by Number Answered
Your Score History
You have not taken this quiz